The practice of management. (Record no. 87063)

MARC details
000 -LEADER
fixed length control field 00635cam a2200217 4500
008 - FIXED-LENGTH DATA ELEMENTS--GENERAL INFORMATION
fixed length control field 090401t1989 xxu||||| |||| 00| 0 eng d
020 ## - INTERNATIONAL STANDARD BOOK NUMBER
International Standard Book Number 0434903892
035 ## - SYSTEM CONTROL NUMBER
System control number (Sirsi) u13126
041 ## - LANGUAGE CODE
Language code of text/sound track or separate title eng
050 ## - LIBRARY OF CONGRESS CALL NUMBER
Classification number 658
100 ## - MAIN ENTRY--PERSONAL NAME
Personal name Drucker, Peter F
245 #4 - TITLE STATEMENT
Title The practice of management.
260 ## - PUBLICATION, DISTRIBUTION, ETC.
Place of publication, distribution, etc. Oxford
Name of publisher, distributor, etc. Heinemann Professional Publishing
Date of publication, distribution, etc. 1989
300 ## - PHYSICAL DESCRIPTION
Extent 399p. ; 24cm.
350 ## - PRICE (NR) (BK AM CF MU VM SE) [OBSOLETE]
Price 9.95
490 ## - SERIES STATEMENT
Series statement Heinemann Business Paperbacks
520 ## - SUMMARY, ETC.
Summary, etc. First paperback edition of a work originally published 1955.
690 ## - LOCAL SUBJECT ADDED ENTRY--TOPICAL TERM (OCLC, RLIN)
Topical term or geographic name as entry element MANAGEMENT-BUSINESS MANAGEMENT-PROFESSIONAL PRACTICE
942 ## - ADDED ENTRY ELEMENTS (KOHA)
Suppress in OPAC 0
948 ## - LOCAL PROCESSING INFORMATION (OCLC); SERIES PART DESIGNATOR (RLIN)
c (OCLC) 04/03/1997
Holdings
Withdrawn status Lost status Source of classification or shelving scheme Damaged status Not for loan Home library Current library Shelving location Date acquired Cost, normal purchase price Total Checkouts Full call number Barcode Date last seen Date last checked out Copy number Cost, replacement price Price effective from Koha item type
    Dewey Decimal Classification     London London Books 05/03/1992 9.95 13 658 30026015 06/08/2019 16/04/2006 1 9.95 06/08/2019 Book